[Event "30. Staufer-Open (A)"]
[Site "?"]
[Date "2018.01.04"]
[Round "6"]
[White "Hoffmann, Hendrik"]
[Black "Dette, Jan"]
[Result "1-0"]
[WhiteElo "2232"]
[BlackElo "2061"]
[PlyCount "83"]
[EventDate "2018.??.??"]
[WhiteTeam "Schachgemeinschaft Leipzig"]
[BlackTeam "Schachfreunde Essen-Katernberg 0"]

1. e4 e5 2. Nf3 Nc6 3. Bc4 Nf6 4. d4 exd4 5. Ng5 Ne5 6. Qxd4 Nxc4 7. Qxc4 d5 8.
exd5 Qxd5 9. Qe2+ Be6 10. O-O O-O-O 11. Nc3 Qc4 12. Nxe6 Qxe2 13. Nxe2 fxe6 14.
Nf4 e5 15. Ne6 Re8 16. Nxf8 Rhxf8 17. h3 Re6 18. Re1 Nd5 19. Bd2 Nf4 20. Bxf4
Rxf4 21. Re2 Rd4 22. Rae1 Kd7 23. c3 Rd3 24. f4 e4 25. Rxe4 Rxe4 26. Rxe4 c5
27. Kf2 b5 28. Re3 Rd2+ 29. Re2 Rd3 30. Ke1 Rg3 31. Rd2+ Ke7 32. Kf2 Rg6 33.
Rd5 Rc6 34. Ke3 a5 35. Ke4 a4 36. Rg5 g6 37. Kd5 Kd7 38. f5 c4 39. fxg6 hxg6
40. Kd4 b4 41. cxb4 a3 42. Kc3 1-0

[Event "30. Staufer-Open (A)"]
[Site "?"]
[Date "2018.01.04"]
[Round "6"]
[White "Reimche, Vadim"]
[Black "Degenhard, Simon"]
[Result "1-0"]
[WhiteElo "2040"]
[BlackElo "2195"]
[PlyCount "91"]
[EventDate "2018.??.??"]
[WhiteTeam "TG Biberach"]
[BlackTeam "Heilbronner SV"]

1. d4 Nf6 2. c4 c5 3. d5 b5 4. f3 Qa5+ 5. Bd2 b4 6. e4 e5 7. a3 d6 8. Qb3 Na6
9. Ra2 Qb6 10. g3 g6 11. Bh3 Bd7 12. Bxd7+ Nxd7 13. Nh3 Bg7 14. Nf2 Rb8 15. O-O
O-O 16. Kg2 Rb7 17. Ra1 Rfb8 18. Re1 Nc7 19. axb4 cxb4 20. Nd3 Na6 21. Be3 Nac5
22. Nxc5 Nxc5 23. Qc2 Qc7 24. b3 a5 25. Bxc5 Qxc5 26. Qf2 Qc7 27. Qe3 Ra8 28.
Ra4 Bf6 29. Nd2 Bd8 30. c5 Qxc5 31. Qxc5 dxc5 32. Nc4 Bc7 33. d6 Bb8 34. Rd1 f6
35. Rd5 Raa7 36. Rxc5 Kf7 37. f4 exf4 38. gxf4 Ke6 39. e5 fxe5 40. fxe5 Rf7 41.
Rc8 Rab7 42. Nxa5 Rb5 43. Nc6 Kd7 44. Rxb8 Kxc6 45. Rxb5 Kxb5 46. e6 1-0

[Event "30. Staufer-Open (A)"]
[Site "?"]
[Date "2018.01.04"]
[Round "6"]
[White "Kölle, Tobias"]
[Black "Voss, Georg"]
[Result "1-0"]
[WhiteElo "2146"]
[BlackElo "1954"]
[PlyCount "67"]
[EventDate "2018.??.??"]
[WhiteTeam "TSV Schönaich"]
[BlackTeam "Schachverein Schmallenberg 1948"]

1. d4 c5 2. d5 Nf6 3. c4 Ne4 4. Nd2 Qa5 5. f3 Nd6 6. e4 f5 7. e5 Nf7 8. f4 g6
9. Ngf3 Bg7 10. Be2 e6 11. O-O O-O 12. Nb3 Qc7 13. d6 Qc6 14. Ne1 Nxe5 15. fxe5
Bxe5 16. Bf3 Qxd6 17. Qxd6 Bxd6 18. Bh6 Re8 19. Nd3 Nc6 20. Ndxc5 b6 21. Nxd7
Bxd7 22. Rad1 Bf8 23. Bxf8 Rxf8 24. Rxd7 Rac8 25. Bxc6 Rxc6 26. Rxa7 e5 27. Rd1
Rf7 28. Rd8+ Kg7 29. Rdd7 Rxd7 30. Rxd7+ Kh6 31. Nd2 Re6 32. Kf2 g5 33. g4 fxg4
34. Ne4 1-0

[Event "30. Staufer-Open (B)"]
[Site "?"]
[Date "2018.01.04"]
[Round "6"]
[White "Steiglechner, Julius"]
[Black "Schmitz, Tim"]
[Result "1/2-1/2"]
[WhiteElo "1895"]
[BlackElo "1831"]
[PlyCount "31"]
[EventDate "2018.??.??"]
[WhiteTeam "SK Horb"]
[BlackTeam "SC Sendling e.V."]

1. e4 c5 2. Nf3 d6 3. Bb5+ Bd7 4. Bxd7+ Qxd7 5. c4 Nc6 6. d4 cxd4 7. Nxd4 g6 8.
Nc3 Bg7 9. Nde2 Nf6 10. O-O O-O 11. Ng3 Rac8 12. Rb1 Rfd8 13. b3 h5 14. h4 Qg4
15. Qxg4 Nxg4 16. Nge2 1/2-1/2

[Event "30. Staufer-Open (B)"]
[Site "?"]
[Date "2018.01.04"]
[Round "6"]
[White "Wezel, Sebastian"]
[Black "Weist, Thorsten"]
[Result "1/2-1/2"]
[WhiteElo "1869"]
[BlackElo "1813"]
[PlyCount "45"]
[EventDate "2018.??.??"]
[WhiteTeam "SV Dettingen Erms"]
[BlackTeam "SV Hellern"]

1. e4 c5 2. d4 cxd4 3. c3 d3 4. Bxd3 Nc6 5. c4 d6 6. h3 Nf6 7. Nc3 g6 8. Nf3
Bg7 9. Be3 O-O 10. Rc1 e6 11. Be2 h6 12. Qd2 Kh7 13. Rd1 Ne8 14. g4 a6 15. c5
d5 16. exd5 exd5 17. Nxd5 Be6 18. Nb6 Qxd2+ 19. Rxd2 Rd8 20. Rxd8 Nxd8 21. b3
Nc6 22. Bc4 Nc7 23. O-O 1/2-1/2

[Event "30. Staufer-Open (A)"]
[Site "?"]
[Date "2018.01.04"]
[Round "5"]
[White "Huber, Lukas"]
[Black "Wagner, Hans"]
[Result "1-0"]
[WhiteElo "1922"]
[BlackElo "2103"]
[PlyCount "73"]

1. e4 e5 2. f4 exf4 3. Nf3 Nf6 4. e5 Nh5 5. Bc4 d6 6. Qe2 d5 7. Bb3 g6 8. d4
Bg7 9. O-O O-O 10. c4 dxc4 11. Qxc4 Nc6 12. Nc3 Bg4 13. Ne2 Na5 14. Qb4 Nxb3
15. axb3 Be6 16. Nxf4 Nxf4 17. Bxf4 Qd5 18. Rac1 Rfc8 19. Rc4 a5 20. Qd2 b5 21.
Rc5 Qxb3 22. Bh6 Bc4 23. Bxg7 Kxg7 24. Re1 Ra6 25. d5 Rd8 26. e6 Qd3 27. Qxd3
Bxd3 28. Rxc7 Bc4 29. Rxf7+ Kg8 30. Rd7 Re8 31. e7 b4 32. Rd8 Bb5 33. Nd4 Ba4
34. b3 Kf7 35. d6 Ra8 36. Rf1+ Kg8 37. Rf8+ 1-0